Algebra through problem solving /
Guardado en:
| Autor Principal: | |
|---|---|
| Otros Autores: | |
| Formato: | Libro |
| Idioma: | English |
| Publicado: |
Boston :
Allyn and Bacon,
1966.
|
| Series: | The Allyn and Bacon series: topics in contemporary mathematics
|
| Materias: | |
| Etiquetas: |
Agregar Etiqueta
Sin Etiquetas, Sea el primero en etiquetar este registro!
|
| LEADER | 00677cam a22001935a 4500 | ||
|---|---|---|---|
| 001 | MAT.inmabb005088 | ||
| 008 | 750312s1966####mau###########001#0#eng## | ||
| 005 | 20170822163141.0 | ||
| 245 | 1 | 0 | |a Algebra through problem solving / |c Abraham P. Hillman, Gerald L. Alexanderson. |
| 260 | |a Boston : |b Allyn and Bacon, |c 1966. | ||
| 300 | |a vii, 129 p. ; |c 22 cm. | ||
| 490 | 0 | |a The Allyn and Bacon series: topics in contemporary mathematics | |
| 100 | 1 | |a Hillman, Abraham P. | |
| 700 | 1 | |a Alexanderson, Gerald L. | |
| 650 | 0 | |a Algebra |x Problems, exercises, etc. | |
| 084 | |a 00A05 (00A07) |2 msc2000 | ||
| 010 | |a 66016281 | ||
| 040 | |a DLC |c OTU |d DLC | ||
| 859 | |h 00A05 |i H654 |p A-2500 |b BIB. MATEMATICA | ||
